00900nam a2200193 a 450000100100000000500170001000800410002702000180006804000250008611000640011124500900017526000440026530000440030904900090035395201110036295201050047395201110057899900170068900002919520200930055405.0110414s2010 dr ac 000 0 spa d a9789945872507 aDO-SdBNPbspacBNPHU1 aRepública Dominicana .bDespacho de la Primera Dama9132710aInforme final :bplanificación estratégica Despacho de la Primera Dama 2010-2012. aSanto Domingo :bPunto Mágico,c2010. a57 p., [39 p.] :bil., retrs. ;c22 cm. aBNPD 0010718DSaGRbGRcCTd2011-04-25iLF1l0o p29195-30r2020-06-25te. 3w2020-06-25yLFDSZNo se presta 0010718PDaPDbPDcCTd2011-04-14iLF1l0o p29195-10r2020-06-25w2020-06-25yLFPDZNo se presta 0010718PDaPDbPDcCTd2011-04-14iLF1l0o p29195-20r2020-06-25te. 2w2020-06-25yLFPDZNo se presta c28687d28687